Somewhere else entirely /

Bibliographic Details
Main Author: Fainlight, Ruth (Author)
Format: Book
Language:English
Published: Hexham, Northumberland : Bloodaxe Books, [2018]
Subjects:

MARC

Tag First Indicator Second Indicator Subfields
LEADER 00000cam a2200000 i 4500
001 in00004073449
005 20191021074634.0
008 180516t20182018enk 000 p eng c
015 |a GBB8G8464  |2 bnb 
016 7 |a 019049231  |2 Uk 
020 |a 1780374380 
020 |a 9781780374383 
024 8 |a 40029052799 
035 |a (OCoLC)on1035510292 
040 |a YDX  |b eng  |e rda  |c YDX  |d UKMGB  |d YDX  |d EYM  |d OCLCO  |d VT2  |d OCLCO  |d OCLCF  |d NOC  |d ZCU  |d UtOrBLW 
042 |a pcc 
049 |a TXAM 
050 4 |a PS3556.A35  |b A6 2018 
082 0 4 |a 813.54  |2 23 
100 1 |a Fainlight, Ruth,  |e author.  |0 http://id.loc.gov/authorities/names/no2019013188 
240 1 0 |a Poems.  |k Selections (2018) 
245 1 0 |a Somewhere else entirely /  |c Ruth Fainlight. 
264 1 |a Hexham, Northumberland :  |b Bloodaxe Books,  |c [2018] 
264 4 |c ©2018 
300 |a 102 pages ;  |c 22 cm 
336 |a text  |b txt  |2 rdacontent 
337 |a unmediated  |b n  |2 rdamedia 
338 |a volume  |b nc  |2 rdacarrier 
500 |a Poems. 
650 0 |a English poetry  |y 21st century.  |0 http://id.loc.gov/authorities/subjects/sh2009125022 
650 7 |a English poetry.  |2 fast  |0 (OCoLC)fst00912278 
648 7 |a 100-2099  |2 fast 
655 7 |a Poetry.  |2 lcgft  |0 http://id.loc.gov/authorities/genreForms/gf2014026481 
945 |b 52867 
947 |a A14850853970 
948 |a cataloged  |b h  |c 2019/6/12  |d c  |e ceaton  |f 12:46:07 pm 
994 |a 92  |b TXA 
999 f f |s 37b4bbb0-fc07-314e-8cf5-93d1d164482d  |i 0d38a1b6-1587-36e4-84ea-4bd7e1832ba6  |t 0 
952 f f |p normal  |a Texas A&M University  |b College Station  |c Sterling C. Evans Library  |d Evans: Library Stacks  |t 0  |e PS3556.A35 A6 2018  |h Library of Congress classification  |i unmediated -- volume  |m A14850853970 
998 f f |a PS3556.A35 A6 2018  |t 0  |l Evans: Library Stacks